LIBRARY ONLINE CATALOGUE

Trailblazer (Record no. 17692)

MARC details
000 -LEADER
fixed length control field 00583nam a22001937a 4500
008 - FIXED-LENGTH DATA ELEMENTS--GENERAL INFORMATION
fixed length control field 190524b xxu||||| |||| 00| 0 eng d
020 ## - INTERNATIONAL STANDARD BOOK NUMBER
International Standard Book Number 9966103567
040 ## - CATALOGING SOURCE
Original cataloging agency KABU
Transcribing agency KABU
050 ## - LIBRARY OF CONGRESS CALL NUMBER
Classification number DT433.582
Item number .L48 2017 c. 1
100 ## - MAIN ENTRY--PERSONAL NAME
Personal name Letangule, Thomas
245 ## - TITLE STATEMENT
Title Trailblazer
Statement of responsibility, etc. Thomas Letangule, foreword by Pheroze Nowrojee
260 ## - PUBLICATION, DISTRIBUTION, ETC. (IMPRINT)
Place of publication, distribution, etc. Kenya
Name of publisher, distributor, etc. English Press
Date of publication, distribution, etc. 2017
300 ## - PHYSICAL DESCRIPTION
Extent xxi, 310 p.
650 ## - SUBJECT ADDED ENTRY--TOPICAL TERM
Topical term or geographic name as entry element Thomas Letangule
650 ## - SUBJECT ADDED ENTRY--TOPICAL TERM
Topical term or geographic name as entry element Pioneers
General subdivision Biography
Geographic subdivision Kenya
650 ## - SUBJECT ADDED ENTRY--TOPICAL TERM
Topical term or geographic name as entry element Kenyan
General subdivision Biography
700 ## - ADDED ENTRY--PERSONAL NAME
Personal name Nowrojee, Pheroze
942 ## - ADDED ENTRY ELEMENTS (KOHA)
Source of classification or shelving scheme Library of Congress Classification
Koha item type Africana Collection
Classification part DT433.582
Call number prefix Afr
Holdings
Withdrawn status Lost status Source of classification or shelving scheme Not for loan Home library Current library Date acquired Total Checkouts Full call number Barcode Date last seen Date last checked out Copy number Price effective from Koha item type
    Library of Congress Classification   Kabarak, Main Campus Kabarak, Main Campus 24/05/2019 3 DT433.582 .L48 2017 c. 1 023060 24/09/2019 17/09/2019 c. 1 24/05/2019 Africana Collection
    Library of Congress Classification   Kabarak, Main Campus Kabarak, Main Campus 24/05/2019   DT433.582 .L48 2017 c. 2 023061 24/05/2019   c. 2 24/05/2019 General Collection
    Library of Congress Classification   Kabarak, Main Campus Kabarak, Main Campus 24/05/2019 1 DT433.582 .L48 2017 c. 3 023058 24/06/2024 11/06/2024 c. 3 24/05/2019 General Collection